00519nam a2200169Ia 450000500170000000800410001702000150005808200130007310000140008624500470010026000410014730000120018850000350020094200060023595200950024199900130033620250516023421.0240331s9999 xx 000 0 und d a9552102634 a291bPER aPerera, P 0aAagamai minisage diunuwai mata penena hati aNugegodabM. D. gunasena Booksc1988 a77 p ., aReligion and Human Development cL 001040708LaWERCLbWERCLcSSCd2024-03-31l0o 291 PERp3359r2024-03-31w2024-03-31yL c835d835